00396nam a2200145Ia 4500003000400000005001700004008004100021040000900062082001900071100002200090245006300112260004800175300000900223650001800232OSt20201214101736.0190216s9999||||xx |||||||||||||| ||und|| coclc a574.959bRIP/T aRipley, S Dillon  4aThe Land And Wild Life Of Tropical Asia /cS Dillon Ripley bTime Life International,c1969.aNederland: a200p aTropical Asia